U. S. Academic explorer : A guide to higher education in the United States

Saved in:
Bibliographic Details
Format: Book
Language:Undetermined
Published: The United States Information Agency 2000
Subjects:
U.S
Tags: Add Tag
No Tags, Be the first to tag this record!
Institutions: Trung tâm Học liệu Trường Đại học Cần Thơ
LEADER 00493nam a2200169Ia 4500
001 CTU_118212
008 210402s9999 xx 000 0 und d
082 |a 378.1 
082 |b U84 
245 0 |a U. S. Academic explorer : 
245 2 |b A guide to higher education in the United States 
260 |b The United States Information Agency 
260 |c 2000 
650 |a Universities and colleges 
650 |x U.S 
904 |i M.Loan 
980 |a Trung tâm Học liệu Trường Đại học Cần Thơ